MODERN JAM - Travis Scott Lyrics - Statistics

General Stats
  • This quiz has been taken 148 times
  • The average score is 211 of 386
Answer Stats
Answer % Correct
I
96%
the
94%
The
94%
on
93%
a
92%
you
91%
You
91%
in
85%
in,
85%
Baby,
84%
baby
84%
baby,
84%
jam
84%
like
84%
like,
84%
my
84%
My
84%
This
83%
this
83%
modern
82%
get
81%
It
78%
it
78%
it,
78%
please
78%
To
78%
to
78%
up
78%
up,"
78%
Of
77%
hear
76%
only
76%
right
76%
do
75%
Do
75%
fan
75%
off
75%
upgrade
75%
better
73%
new
73%
her,
72%
know
72%
Know
72%
'Gram
71%
make
69%
bi
67%
here
66%
stands
66%
don't
65%
shaker,
64%
shaker
64%
I'm
63%
maker,
61%
so
61%
girl
60%
go
59%
She
59%
she
59%
Bible
58%
bi-cycle
58%
hard,
57%
hard
57%
need
57%
Roof
57%
vibrator
57%
shit
56%
dick
55%
man
54%
outside
54%
Outside
54%
earthquaker
53%
me
51%
got
50%
Got
50%
now
50%
put
49%
Eiffel
47%
feel
47%
Annihilator
45%
annihilator,
45%
annihilator
45%
cam'
45%
It's
44%
it's
44%
(Oh,
43%
oh)
43%
Oh,
43%
oh,
43%
your
43%
burnin'
42%
demand
42%
just
42%
yeah
42%
Then
41%
then
41%
entitled
40%
view,
40%
when
40%
world,
39%
ain't
38%
pokin'
38%
breaker
37%
breaker,
37%
fire,
37%
and
36%
Socrates
36%
that's
36%
Way
36%
way
36%
car,
33%
Car
33%
or
32%
pat
32%
breathe
30%
forever
30%
Forever
30%
lyin'
30%
True
30%
true
30%
France
29%
remix,
29%
remix
29%
you're
29%
jump,
28%
time,
28%
'em
27%
knees
27%
paid
27%
keep
26%
bought
25%
favor
25%
from
25%
if
25%
If
25%
levitatin'
25%
line
25%
patrol
25%
show
25%
at
24%
been
24%
down
24%
glow
24%
nigga,
24%
think
24%
year
24%
damn
23%
formula
23%
free
23%
Gettin'
23%
Uncle
23%
waitin'
23%
Sam
22%
seen
22%
brought
21%
grace
21%
one
21%
punk,
21%
race
21%
say
21%
Give
20%
give
20%
keys
20%
they
20%
zone
20%
goin'
19%
knowledge,
19%
own
19%
since
19%
upgrader,
19%
Had
18%
home
18%
parole
18%
their
18%
told
18%
won't
18%
Bounce,
17%
consent,
17%
finally
17%
him
17%
place
17%
road
17%
tight
17%
bright,
16%
bright
16%
buildin',
16%
let
16%
scared,
16%
summer
16%
inside
15%
with
15%
Zeitgeist,
15%
Hey,
14%
space
14%
I'd
13%
rather
13%
top,
13%
all
12%
but
12%
Even
12%
gotta
12%
Guy-Man,
12%
than
12%
spend
11%
'cause
10%
winter,
10%
"Buckle
9%
heartthrob,
8%
niggas
8%
outta
8%
these
8%
Uh-oh,
8%
Truth
7%
course,
6%
raider
6%
skater,
6%
Feather
4%
Daka-doo-doo-da
2%
No matching quizzes found
Score Distribution
Percent of People with Each Score
Percentile by Number Answered
Your Score History
You have not taken this quiz